| 000 | 02004nam a22002897a 4500 | ||
|---|---|---|---|
| 999 |
_c63115 _d63115 |
||
| 003 | Ge_BSU | ||
| 005 | 20250605111209.0 | ||
| 008 | 250605s2024 ge ||||| |||| 00| 0 geo d | ||
| 020 | _a 9789941482946 | ||
| 041 | _ageo | ||
| 080 | _a51(075.8) მ-15 | ||
| 245 |
_aმათემატიკა: VII კლასი: _bმოსწავლის წიგნი: II ნაწილი / _cავტორები: გურამ გოგიშვილი, თეიმურაზ ვეფხვაძე, ია მებონია, ლამარა ქურჩიშვილი; რედაქტორი: თეიმურაზ ვეფხვაძე. |
||
| 264 |
_aთბილისი: _bინტელექტი, _c2019. |
||
| 300 |
_a193 გვ.; _bილ.; _c28 სმ. |
||
| 500 | _aგრიფმინიჭებულია საქართველოს განათლების, მეცნიერების, კულტურისა და სპორტის სამინისტროს მიერ 2019 წელს. | ||
| 653 | _aგანტოლება | ||
| 653 | _aსტატისტიკის ელემენტები | ||
| 653 | _aგეომეტრიული ამოცანები. | ||
| 700 |
_aგოგიშვილი, გურამ _eავტორი _925261 |
||
| 700 |
_a ვეფხვაძე, თეიმურაზ _eავტორი _925262 |
||
| 700 |
_a მებონია, ია _eავტორი _925263 |
||
| 700 |
_aქურჩიშვილი, ლამარა _eავტორი _925264 |
||
| 700 |
_aვეფხვაძე, თეიმურაზ _e რედაქტორი _925265 |
||
| 700 |
_aგოგიშვილი, გ. _eგარეკანის დიზაინერი _925266 |
||
| 700 |
_a ხელაია, ილია _eგარეკანის დიზაინერი _925267 |
||
| 942 |
_2udc _cᲬᲘᲒᲜᲘ |
||